| 000 | 01024nam a22003137a 4500 | ||
|---|---|---|---|
| 003 | CHAP | ||
| 005 | 20220329135209.0 | ||
| 008 | 971013s1983 r 00010 d | ||
| 010 | _a32475 | ||
| 011 | _a33447 | ||
| 035 | _a37562 | ||
| 040 | _cCHAP | ||
| 090 | _aFolleto 8657 | ||
| 100 | 0 | 0 |
_aMateus Valles, Guillermo. _972965 |
| 245 |
_aParásitos internos de los bovinos _b: su naturaleza y prevención con énfasis en doble propósito |
||
| 260 |
_aTurrialba : _bCATIE, _c1983 |
||
| 300 |
_a27 p. _b: ilus |
||
| 490 |
_aBoletín divulgativo PA _v; 2 |
||
| 590 |
_aBATCH-UPD _b10 _c20130109 _lUCH01 _h2351 |
||
| 590 |
_aBATCH-UPD _b10 _c20130110 _lUCH01 _h2059 |
||
| 590 |
_aBATCH-UPD _b10 _c20130410 _lUCH01 _h1412 |
||
| 590 |
_aBATCH-UPD _b10 _c20130914 _lUCH01 _h0757 |
||
| 590 |
_aCONVERSION _b10 _c20130109 _lUCH01 _h1318 |
||
| 650 | 1 | 4 |
_aGanado vacuno _xParásitos. _945500 |
| 830 | 0 |
_aBoletín divulgativo PA _v; 2 _913549 |
|
| 901 | _aBK | ||
| 942 | _cFOLL | ||
| 949 |
_aFolleto 8657 _bBC _cFOLL _d-86101 _eTS1 _i37562 _mD _si |
||
| 999 |
_c32475 _d32475 |
||